All B&Ms in North America - Statistics

General Stats
  • This quiz has been taken 6 times
  • The average score is 40 of 72
Answer Stats
Type Answer Park % Correct
Invert Afterburn Carowinds
100%
Invert Alpengeist Busch Gardens Williamsburg
100%
Hyper Apollo's Chariot Busch Gardens Williamsburg
100%
Invert Banshee Kings Island
100%
Hyper Candymonium Hersheypark
100%
Floorless Batman - The Dark Knight Six Flags New England
67%
Invert Batman The Ride Six Flags Great Adventure
67%
Invert Batman The Ride Six Flags Great America
67%
Invert Batman The Ride Six Flags Magic Mountain
67%
Invert Batman The Ride Six Flags Over Georgia
67%
Invert Batman The Ride Six Flags Over Texas
67%
Invert Batman The Ride Six Flags St. Louis
67%
Hyper Behemoth Canada's Wonderland
67%
Invert Big Bad Wolf: The Wolf's Revenge Busch Gardens Williamsburg
67%
Hyper Diamondback Kings Island
67%
Giga Fury 325 Carowinds
67%
Wing Gatekeeper Cedar Point
67%
Invert Great Bear Hersheypark
67%
Dive Griffon Busch Gardens Williamsburg
67%
Sit Down Incredible Hulk Universal's Islands of Adventure
67%
Dive Iron Menace Dorney Park
67%
Floorless Kraken SeaWorld Orlando
67%
Giga Leviathan Canada's Wonderland
67%
Hyper Mako SeaWorld Orlando
67%
Flying Manta SeaWorld Orlando
67%
Giga Orion Kings Island
67%
Floorless Patriot California's Great America
67%
Invert Patriot Worlds of Fun
67%
Family Penguin Trek SeaWorld Orlando
67%
Surf Pipeline: The Surf Coaster SeaWorld Orlando
67%
Invert Raptor Cedar Point
67%
Stand Up Riddler's Revenge Six Flags Magic Mountain
67%
Floorless Rougarou Cedar Point
67%
Floorless Scream! Six Flags Magic Mountain
67%
Dive SheiKra Busch Gardens Tampa
67%
Invert Silver Bullet Knott's Berry Farm
67%
Invert Talon Dorney Park
67%
Flying Tatsu Six Flags Magic Mountain
67%
Wing Thunderbird Holiday World
67%
Dive Valravn Cedar Point
67%
Wing Wild Eagle Dollywood
67%
Wing X-Flight Six Flags Great America
67%
Invert Baracuda Strike SeaWorld San Antonio
33%
Invert Chupacabra Six Flags Fiesta Texas
33%
Floorless Dominator Kings Dominion
33%
Dive Dr. Diabolical's Cliffhanger Six Flags Fiesta Texas
33%
Dive Emperor SeaWorld San Diego
33%
Invert Flight Deck California's Great America
33%
Stand Up Georgia Scorcher Six Flags Over Georgia
33%
Hyper Goliath La Ronde
33%
Hyper Goliath Six Flags Over Georgia
33%
Invert Great White SeaWorld San Antonio
33%
Floorless Hydra The Revenge Dorney Park
33%
Sit Down Kumba Busch Gardens Tampa
33%
Floorless Medusa Six Flags Discovery Kingdom
33%
Floorless Medusa Six Flags Great Adventure
33%
Invert Montu Busch Gardens Tampa
33%
Hyper Nitro Six Flags Great Adventure
33%
Invert Phoenix Rising Busch Gardens Tampa
33%
Hyper Raging Bull Six Flags Great America
33%
Wing Rapterra Kings Dominion
33%
Floorless Superman Krypton Coaster Six Flags Fiesta Texas
33%
Flying Superman - Ultimate Flight Six Flags Great Adventure
33%
Flying Superman - Ultimate Flight Six Flags Great America
33%
Flying Superman - Ultimate Flight Six Flags Over Georgia
33%
Hyper Thunder Striker Carowinds
33%
Dive Tormenta Rampaging Run Six Flags Over Texas
33%
Invert Vampire La Ronde
33%
Stand Up Vortex Carowinds
33%
Sit Down Wildfire Silver Dollar City
33%
Dive Wrath of Rakshasa Six Flags Great America
33%
Dive Yukon Striker Canada's Wonderland
33%
No matching quizzes found
Score Distribution
Percent of People with Each Score
Percentile by Number Answered
Your Score History
You have not taken this quiz